Maisie Peters - The Last One - Statistics

General Stats
  • This quiz has been taken 40 times
  • The average score is 353 of 429
Answer Stats
Answer % Correct
a
100%
A
100%
be
100%
go
100%
I
100%
I’ll
100%
last
100%
on
100%
On
100%
one
100%
the
100%
you
100%
you,
100%
You
100%
your
100%
You’re
100%
you’re
100%
gone
95%
hand
95%
when
95%
When
95%
and
89%
And
89%
crowd’s
89%
crowds
89%
Holding
89%
holding
89%
in
89%
after
84%
cause
84%
‘Cause
84%
corner
84%
done
84%
If
84%
I’m
84%
land
84%
to
84%
train
84%
couldn’t
79%
girl
79%
it,
79%
no,
79%
plane
79%
up
79%
With
79%
with
79%
all
74%
bleachers,
74%
blinding
74%
bright
74%
fan
74%
Halfway
74%
it’s
74%
lost
74%
moon
74%
my
74%
number
74%
of
74%
tracks
74%
band
68%
believe
68%
hands
68%
Levi’s
68%
see
68%
still
68%
bleeding
63%
Caught
63%
dumb
63%
for
63%
great
63%
is
63%
profile
63%
smile
63%
wax
63%
wings
63%
alone
58%
always
58%
arms
58%
back
58%
broke
58%
But
58%
catch
58%
count’s
58%
flying
58%
nose
58%
oh
58%
out
58%
Pretty
58%
room
58%
sand
58%
small
58%
Stood
58%
Baby,
53%
big
53%
castles,
53%
ceiling
53%
dreamer
53%
falling
53%
filled
53%
get
53%
Just
53%
leap,
53%
never
53%
now
53%
own
53%
seeing
53%
sky
53%
So
53%
streetlight
53%
there
53%
they
53%
Took
53%
tryna
53%
ya
53%
Barrett
47%
come
47%
flare
47%
floodlights
47%
Got
47%
heights
47%
smoke
47%
Syd
47%
through
47%
understand
47%
were
47%
dark
42%
find
42%
gonna
42%
mugshot
42%
Send
42%
Somewhere
42%
spark
42%
they’ll
42%
As
37%
blow
37%
downtown
37%
They’re
37%
worst
37%
friends
32%
parka
32%
round,
32%
No matching quizzes found
Score Distribution
Percent of People with Each Score
Percentile by Number Answered
Your Score History
You have not taken this quiz